000 03031nam a22002657a 4500
001 216218735
003 UA-OsUOA
005 20201229193024.0
008 200703b un ||||| m||| 00| 0 ukr d
040 _aUA-OsUOA
_bukr
_cUA-OsUOA
_dUA-OsUOA
041 _aukr
080 _a94:001(092)(477)
090 _a94:001(092)(477)
095 _a07.00.01
_bісторія України
100 _aГринюка Б. М.
245 _aНауково-педагогічна та мистецтвознавча діяльність Івана Старчука (1894–1950 рр.)
_cГринюка Богдан Михайлович ; наук. керівник Зуляк Іван Степанович
260 _aТернопіль
_c2016
300 _a19 с.
502 _6Автореферат дисертації на здобуття наукового ступеня кандидата історичних наук
_cТернопільський національний педагогічний університет імені Володимира Гнатюка
_d2016
520 _aУ дисертації здійснено комплексне й всебічне дослідження науково-педагогічної та мистецтвознавчої діяльності Івана Старчука (1894–1950 рр.). Проаналізовано формування його світогляду як особистості, науковця, педагога та мистецтвознавця. Висвітлено наукову діяльність ученого у складі етнографічної комісії НТШ та Львівському університеті ім. Я. Казимира. Охарактеризовано його співпрацю з українськими й закордонними установами, науковими діячами. З’ясовано внесок І. Старчука в розвиток археології, проаналізовано його археологічну діяльність у вивченні літописних Галича і Пліснеська. Розкрито педагогічну працю ученого на посаді вчителя приватних шкіл міжвоєнного Львова, Львівському університеті ім. Я. Казимира, Львівському державному університеті ім. І. Франка. Висвітлено його внесок в українське мистецтвознавство та мистецтво першої половини XX ст. Проаналізовано праці І. Старчука, присвячені античному мистецтву.
650 _2UDC
_a94 Історія
942 _2udc
_cAR
955 _a1
999 _c460674
_d460674